[Event "19th Hogeschool Zeeland Tournament"]
[Site "Vlissingen"]
[Date "2015.08.02"]
[Round "3"]
[Board "36"]
[White "Foisor, Sabina-Francesca"]
[Black "Sparreboom, Wil"]
[Result "1-0"]
[WhiteElo "2230"]
[BlackElo "1958"]
[PlyCount "110"]
[EventDate "2015.08.01"]
[EventRounds "9"]
[EventCountry "NED"]

1. d4 d5 2. Bf4 e6 3. e3 Bd6 4. Bg3 Nf6 5. Nd2 O-O 6. Bd3 b6 7. e4 dxe4 8. Nxe4
Bb7 9. Qe2 Be7 10. Nf3 Nbd7 11. O-O Nxe4 12. Bxe4 Bxe4 13. Qxe4 Nf6 14. Qc6 Bd6
15. Ne5 Bxe5 16. dxe5 Qd7 17. Qf3 Nd5 18. Rad1 Qa4 19. b3 Qa3 20. Bh4 b5 21.
Qg4 Rfe8 22. Rd3 Qf8 23. Rh3 f5 24. exf6 Nxf6 25. Qe2 b4 26. Bxf6 Qxf6 27. Qe4
Qf5 28. Qxb4 Rad8 29. Qc3 Rd7 30. Rf3 Qg5 31. Re3 Qd8 32. h3 Rd5 33. Rfe1 Qd6
34. Qc4 g6 35. Qa4 Re7 36. Qxa7 c5 37. Qa8+ Kg7 38. Qa5 e5 39. Qc3 g5 40. Re4
h6 41. a4 Kg6 42. Qe3 Kf5 43. Qf3+ Kg6 44. h4 Rf7 45. Qg3 Rf4 46. hxg5 hxg5 47.
Qe3 Kf6 48. Qh3 Rxe4 49. Rxe4 Rd1+ 50. Kh2 Kg6 51. Qh8 Kf5 52. Qh7+ Kf6 53.
Qh6+ Kf5 54. Qxd6 Rxd6 55. Rc4 Rd5 1-0

[Event "19th Hogeschool Zeeland Tournament"]
[Site "Vlissingen"]
[Date "2015.08.02"]
[Round "3"]
[Board "37"]
[White "Van Den Berg, Ad"]
[Black "Bodicker, Rob"]
[Result "1-0"]
[WhiteElo "2225"]
[BlackElo "1957"]
[PlyCount "117"]
[EventDate "2015.08.01"]
[EventRounds "9"]
[EventCountry "NED"]

1. c4 e5 2. Nc3 Nf6 3. Nf3 Nc6 4. e3 Bb4 5. d4 e4 6. Nd2 Bxc3 7. bxc3 O-O 8. g4
d5 9. Rg1 Qd6 10. Rg3 Re8 11. g5 Nd7 12. cxd5 Qxd5 13. h4 Nf8 14. h5 Qa5 15.
Bb2 Bf5 16. Qc2 Qd5 17. Qb3 Qd7 18. Ba3 a6 19. Bxf8 Kxf8 20. Bg2 Rab8 21. Rb1
Qe7 22. Qd5 g6 23. hxg6 hxg6 24. Qb3 Kg7 25. Qc2 b5 26. Ke2 b4 27. Nb3 Qe6 28.
c4 Qd6 29. Rh1 a5 30. d5 a4 31. dxc6 Qd3+ 32. Qxd3 exd3+ 33. Kd2 axb3 34. axb3
Ra8 35. e4 Bxe4 36. Bxe4 Rxe4 37. Rgh3 Ra2+ 38. Kxd3 Rg4 39. f4 Kf8 40. Rf3
Rgg2 41. Kd4 Ra5 42. Rh8+ Ke7 43. Rb8 Kd6 44. Rxb4 Kxc6 45. Rb5 Rxb5 46. cxb5+
Kd6 47. Rc3 Rd2+ 48. Ke4 Re2+ 49. Kd3 Rf2 50. Ke3 Rb2 51. Kd3 Rf2 52. Rc6+ Kd7
53. Rf6 Ke7 54. Kc3 Re2 55. b6 cxb6 56. Rxb6 Re1 57. Rf6 Re3+ 58. Kc4 Re1 59.
b4 1-0

[Event "19th Hogeschool Zeeland Tournament"]
[Site "Vlissingen"]
[Date "2015.08.02"]
[Round "3"]
[Board "38"]
[White "Van Driel, Eric"]
[Black "Boucquet, Emile"]
[Result "0-1"]
[WhiteElo "1953"]
[BlackElo "2161"]
[PlyCount "80"]
[EventDate "2015.08.01"]
[EventRounds "9"]
[EventCountry "NED"]

1. d4 Nf6 2. c4 e6 3. Nf3 d5 4. cxd5 exd5 5. Nc3 Be7 6. Bg5 O-O 7. e3 b6 8. Bd3
c5 9. Ne5 Bb7 10. O-O Nbd7 11. f4 a6 12. Qf3 h6 13. Bh4 Re8 14. g4 Ne4 15. Bxe7
Qxe7 16. Nxd5 Bxd5 17. Bxe4 Bxe4 18. Qxe4 Nf8 19. Qd5 Rad8 20. Qb3 Qe6 21. Qxe6
Nxe6 22. f5 Ng5 23. f6 cxd4 24. Nc6 Rd6 25. Ne7+ Kh7 26. h4 Ne4 27. Nf5 Rxf6
28. Nxd4 Rg6 29. Rf4 Nf6 30. h5 Nxh5 31. Rxf7 Rxg4+ 32. Kf2 Kg6 33. Rb7 Rf8+
34. Ke2 Rf6 35. Kd3 Rg3 36. Rc1 Nf4+ 37. Ke4 Ng2 38. Rcc7 Rxe3+ 39. Kd5 Nf4+
40. Kc4 Nh5 0-1

[Event "19th Hogeschool Zeeland Tournament"]
[Site "Vlissingen"]
[Date "2015.08.02"]
[Round "3"]
[Board "39"]
[White "Boelhouwer, Collin"]
[Black "Reichardt, Jasper"]
[Result "1/2-1/2"]
[WhiteElo "2158"]
[BlackElo "1951"]
[PlyCount "75"]
[EventDate "2015.08.01"]
[EventRounds "9"]
[EventCountry "NED"]

1. e4 c5 2. Nf3 Nc6 3. Bb5 g6 4. Bxc6 dxc6 5. h3 Bg7 6. d3 Nf6 7. Nc3 Nd7 8.
Be3 e5 9. O-O Qe7 10. Nh2 Nf8 11. f4 exf4 12. Rxf4 Ne6 13. Rf2 O-O 14. Qd2 Nd4
15. a3 Be6 16. Rb1 c4 17. Nf3 Nxf3+ 18. Rxf3 cxd3 19. cxd3 f5 20. Qc2 fxe4 21.
Rxf8+ Rxf8 22. Nxe4 a6 23. Bc5 Qh4 24. Bf2 Qf4 25. Qe2 Bd5 26. Bg3 Bd4+ 27. Kh2
Qe3 28. Re1 Qxe2 29. Rxe2 Rf1 30. Bd6 Rb1 31. Nc3 Bxc3 32. bxc3 b5 33. Bb4 Rd1
34. d4 Ra1 35. Kg3 a5 36. Bxa5 Rxa3 37. Bb4 Ra2 38. Rxa2 1/2-1/2

[Event "19th Hogeschool Zeeland Tournament"]
[Site "Vlissingen"]
[Date "2015.08.02"]
[Round "3"]
[Board "40"]
[White "Oud, Niek"]
[Black "Buckels, Valentin"]
[Result "1-0"]
[WhiteElo "1936"]
[BlackElo "2152"]
[PlyCount "69"]
[EventDate "2015.08.01"]
[EventRounds "9"]
[EventCountry "NED"]

1. d4 Nf6 2. c4 e6 3. Nf3 Bb4+ 4. Bd2 Qe7 5. a3 Bxd2+ 6. Nfxd2 Nc6 7. e3 e5 8.
d5 Nb8 9. Nc3 a5 10. Bd3 Na6 11. O-O O-O 12. Qb1 d6 13. h3 Nc5 14. Bc2 a4 15.
b4 axb3 16. Nxb3 Nxb3 17. Qxb3 Nd7 18. Rae1 Nc5 19. Qb1 f5 20. a4 Bd7 21. Nb5
c6 22. Nc3 Qf7 23. f3 h6 24. g4 Qe7 25. gxf5 Qh4 26. Kh2 Qxc4 27. dxc6 Bxc6 28.
Ne4 Bxe4 29. fxe4 Kh8 30. Rg1 Qf7 31. Rg6 Nxa4 32. Reg1 Nc3 33. Qe1 Qc4 34. Qg3
Ne2 35. Rxh6+ 1-0

[Event "19th Hogeschool Zeeland Tournament"]
[Site "Vlissingen"]
[Date "2015.08.02"]
[Round "3"]
[Board "41"]
[White "Ratsma, Midas"]
[Black "Van De Poel, Taco"]
[Result "1/2-1/2"]
[WhiteElo "2150"]
[BlackElo "1935"]
[PlyCount "44"]
[EventDate "2015.08.01"]
[EventRounds "9"]
[EventCountry "NED"]

1. d4 Nf6 2. Bg5 Ne4 3. Bf4 c5 4. f3 Nf6 5. dxc5 Qa5+ 6. Nc3 Qxc5 7. e4 g5 8.
Bg3 Bg7 9. Qd2 O-O 10. O-O-O Nc6 11. Nh3 h6 12. Be2 d6 13. f4 g4 14. Nf2 b5 15.
Bxb5 Nh5 16. Bxc6 Qxc6 17. Qd5 Qb6 18. Na4 Qe3+ 19. Rd2 Nxg3 20. Nd1 Ne2+ 21.
Kb1 Qxf4 22. Rxe2 Be6 1/2-1/2

[Event "19th Hogeschool Zeeland Tournament"]
[Site "Vlissingen"]
[Date "2015.08.02"]
[Round "3"]
[Board "42"]
[White "Delaere, Koen"]
[Black "Rosmuller, Anton"]
[Result "0-1"]
[WhiteElo "1924"]
[BlackElo "2142"]
[PlyCount "82"]
[EventDate "2015.08.01"]
[EventRounds "9"]
[EventCountry "NED"]

1. d4 Nf6 2. c4 g6 3. Nc3 Bg7 4. e4 d6 5. h3 O-O 6. Bg5 h6 7. Be3 e5 8. d5 Na6
9. Bd3 Nh5 10. Qd2 Kh7 11. Nge2 Nc5 12. Bc2 a5 13. g4 Nf4 14. Nxf4 exf4 15.
Bxf4 Bd7 16. O-O-O a4 17. f3 a3 18. b4 Na6 19. Ne2 Qf6 20. Nd4 Nxb4 21. Be3
Nxc2 22. Qxc2 Ba4 23. Qd2 Bxd1 24. Kxd1 c5 25. dxc6 bxc6 26. Ke2 Rfb8 27. e5
dxe5 28. g5 Qd8 29. Nxc6 Qxd2+ 30. Bxd2 Rb2 31. Ra1 e4 32. fxe4 Rxd2+ 33. Kxd2
Bxa1 34. gxh6 Kxh6 35. Kd3 Ra6 36. Nb4 Rd6+ 37. Nd5 Be5 38. c5 Ra6 39. Kc4 f5
40. exf5 gxf5 41. Kb5 Ra8 0-1

[Event "19th Hogeschool Zeeland Tournament"]
[Site "Vlissingen"]
[Date "2015.08.02"]
[Round "3"]
[Board "43"]
[White "Finkenflugel, Renzo"]
[Black "Lacrosse, Marc"]
[Result "0-1"]
[WhiteElo "1909"]
[BlackElo "2139"]
[PlyCount "42"]
[EventDate "2015.08.01"]
[EventRounds "9"]
[EventCountry "NED"]

1. d4 d5 2. c4 e6 3. Nf3 Nf6 4. g3 Be7 5. Bg2 O-O 6. O-O dxc4 7. Ne5 c5 8. dxc5
Qc7 9. Nxc4 Qxc5 10. b3 Rd8 11. Qc2 Nc6 12. Ba3 Nb4 13. Qb2 Rb8 14. Nc3 Bd7 15.
Rac1 Qh5 16. Rfd1 Bc6 17. Bxc6 bxc6 18. Ne3 Bc5 19. Ncd5 Nfxd5 20. Rxc5 Nxe3
21. Rxh5 Rxd1# 0-1

[Event "19th Hogeschool Zeeland Tournament"]
[Site "Vlissingen"]
[Date "2015.08.02"]
[Round "3"]
[Board "44"]
[White "Rogmans, Jelle"]
[Black "Sekandar, Kambiz"]
[Result "0-1"]
[WhiteElo "1908"]
[BlackElo "2130"]
[PlyCount "66"]
[EventDate "2015.08.01"]
[EventRounds "9"]
[EventCountry "NED"]

1. c4 Nf6 2. g3 e6 3. Bg2 d5 4. Nf3 Be7 5. b3 c5 6. O-O O-O 7. Bb2 d4 8. e3 Nc6
9. exd4 cxd4 10. d3 Ne8 11. Re1 f6 12. Nbd2 e5 13. a3 Nc7 14. b4 a6 15. Qc2 g5
16. h4 h6 17. Nb3 Kg7 18. Qe2 Bg4 19. Nbd2 Ne6 20. Qf1 Bf5 21. hxg5 hxg5 22.
Nh2 Rh8 23. Be4 Bxe4 24. Nxe4 f5 25. Nd2 Qe8 26. Qe2 Bf6 27. Qf3 Qg6 28. a4 g4
29. Qg2 f4 30. Qd5 Rae8 31. Qe4 Qh5 32. Ndf1 Ng5 33. Qg2 f3 0-1

[Event "19th Hogeschool Zeeland Tournament"]
[Site "Vlissingen"]
[Date "2015.08.02"]
[Round "3"]
[Board "45"]
[White "Zepeda, Lorena"]
[Black "Westerweele, Henrik"]
[Result "1-0"]
[WhiteElo "2121"]
[BlackElo "1904"]
[PlyCount "103"]
[EventDate "2015.08.01"]
[EventRounds "9"]
[EventCountry "NED"]

1. e4 e6 2. d3 d5 3. Nd2 c5 4. Ngf3 Nc6 5. g3 g6 6. Bg2 Bg7 7. O-O Nge7 8. Re1
b6 9. c3 a5 10. exd5 exd5 11. d4 cxd4 12. Nxd4 Nxd4 13. cxd4 O-O 14. Nf3 Nc6
15. Bg5 f6 16. Bf4 Ra7 17. Rc1 Qd7 18. Qb3 Kh8 19. Qxb6 Nb4 20. Rc7 Rxc7 21.
Qxc7 Nd3 22. Re7 Qxc7 23. Bxc7 Nxb2 24. Bxa5 Nc4 25. Bc7 Bb7 26. Ne1 Ra8 27.
Bf4 Bc6 28. Rc7 Re8 29. Nd3 Ba8 30. h4 f5 31. Ne5 Nxe5 32. dxe5 d4 33. Rd7 Bxg2
34. Kxg2 Bxe5 35. Bxe5+ Rxe5 36. Rxd4 Re2 37. Ra4 Kg7 38. Kf3 Rb2 39. Ke3 Kf6
40. f3 Rb6 41. g4 h6 42. Rc4 Rd6 43. a4 fxg4 44. fxg4 Ke6 45. a5 Rd1 46. Ra4
Rd7 47. a6 Ra7 48. Ke4 Kd6 49. Kd4 h5 50. gxh5 gxh5 51. Ra5 Ke7 52. Ke5 1-0

[Event "19th Hogeschool Zeeland Tournament"]
[Site "Vlissingen"]
[Date "2015.08.02"]
[Round "3"]
[Board "46"]
[White "Lentjes, Noud"]
[Black "De Kleuver, Jonathan"]
[Result "1-0"]
[WhiteElo "2116"]
[BlackElo "1879"]
[PlyCount "45"]
[EventDate "2015.08.01"]
[EventRounds "9"]
[EventCountry "NED"]

1. e4 d5 2. exd5 Nf6 3. Bb5+ c6 4. dxc6 bxc6 5. Be2 e5 6. d3 Bc5 7. Bf3 Qb6 8.
Qe2 O-O 9. Nd2 Ba6 10. Nh3 h6 11. O-O Nbd7 12. Ne4 Rfe8 13. Rb1 Rec8 14. Be3
Nxe4 15. Bxe4 Nf6 16. Qf3 Nd5 17. Bd2 Bb4 18. c3 Bc5 19. b4 Bf8 20. b5 Rab8 21.
Rb3 Bb7 22. bxc6 Qxc6 23. c4 1-0

[Event "19th Hogeschool Zeeland Tournament"]
[Site "Vlissingen"]
[Date "2015.08.02"]
[Round "3"]
[Board "47"]
[White "Stange, Sven"]
[Black "Yankelevich, Michael"]
[Result "1-0"]
[WhiteElo "2108"]
[BlackElo "1868"]
[PlyCount "83"]
[EventDate "2015.08.01"]
[EventRounds "9"]
[EventCountry "NED"]

1. d4 d5 2. c4 dxc4 3. Nf3 Nf6 4. e3 a6 5. Bxc4 e6 6. O-O Nbd7 7. Nc3 Be7 8.
Bb3 c5 9. e4 cxd4 10. Nxd4 Nc5 11. Bc2 Qc7 12. Be3 b5 13. Rc1 Bb7 14. b4 Ncd7
15. Bb1 Qd6 16. a3 g6 17. Qe2 Qe5 18. f4 Qh5 19. Qxh5 Nxh5 20. e5 O-O 21. Be4
Bxe4 22. Nxe4 Rfc8 23. Rc6 Rxc6 24. Nxc6 Kf8 25. Nxe7 Kxe7 26. Rc1 Ng7 27. g4
Ne8 28. Bf2 f5 29. exf6+ Nexf6 30. Bh4 Rf8 31. Rc7 Ke8 32. Rc8+ Kf7 33. Rxf8+
Nxf8 34. Nxf6 h6 35. Ne4 Nd7 36. Bf2 e5 37. f5 Nf6 38. Nxf6 Kxf6 39. fxg6 Kxg6
40. h4 Kf6 41. Be3 Kg6 42. h5+ 1-0

[Event "19th Hogeschool Zeeland Tournament"]
[Site "Vlissingen"]
[Date "2015.08.02"]
[Round "3"]
[Board "48"]
[White "Hekhuis, Jeroen"]
[Black "Jansen, Ingeborg"]
[Result "1-0"]
[WhiteElo "2107"]
[BlackElo "1851"]
[PlyCount "67"]
[EventDate "2015.08.01"]
[EventRounds "9"]
[EventCountry "NED"]

1. Nf3 d5 2. d4 Nc6 3. c4 e5 4. dxe5 d4 5. a3 a5 6. g3 Nge7 7. Bg2 Ng6 8. Bg5
Qd7 9. O-O Ngxe5 10. Nxe5 Nxe5 11. Qc1 f6 12. Bf4 c6 13. Rd1 Qf7 14. c5 Qc4 15.
Qxc4 Nxc4 16. Rxd4 Be6 17. b3 Ne5 18. Bxe5 fxe5 19. Re4 Bxb3 20. Rxe5+ Kf7 21.
Nd2 Bc2 22. Ra2 Bg6 23. Rb2 Kf6 24. Nf3 b5 25. cxb6 Bxa3 26. Ra2 Bb4 27. g4
Rhd8 28. g5+ Kf7 29. Bh3 Rd1+ 30. Kg2 Rb8 31. Re3 Rxb6 32. Ne5+ Kg8 33. Be6+
Kh8 34. Nxg6+ 1-0

[Event "19th Hogeschool Zeeland Tournament"]
[Site "Vlissingen"]
[Date "2015.08.02"]
[Round "3"]
[Board "49"]
[White "Bulthuis, Jelle"]
[Black "Kampman, Tijmen"]
[Result "0-1"]
[WhiteElo "1907"]
[BlackElo "2102"]
[PlyCount "38"]
[EventDate "2015.08.01"]
[EventRounds "9"]
[EventCountry "NED"]

1. e4 e6 2. d4 d5 3. Nd2 Nc6 4. c3 e5 5. exd5 Qxd5 6. dxe5 Nxe5 7. Ndf3 Qxd1+
8. Kxd1 Bg4 9. Be2 O-O-O+ 10. Bd2 Nd3 11. Bxd3 Rxd3 12. h3 Bh5 13. Kc2 Rd8 14.
Be3 Bd6 15. Nd4 Ne7 16. Nb5 Nc6 17. Re1 Bg6+ 18. Kc1 Ne5 19. Nxd6+ Rxd6 0-1

[Event "19th Hogeschool Zeeland Tournament"]
[Site "Vlissingen"]
[Date "2015.08.02"]
[Round "3"]
[Board "50"]
[White "Verhoef, Harry"]
[Black "Boulahfa, Hicham"]
[Result "0-1"]
[WhiteElo "1874"]
[BlackElo "2101"]
[PlyCount "58"]
[EventDate "2015.08.01"]
[EventRounds "9"]
[EventCountry "NED"]

1. e4 c5 2. Nc3 Nc6 3. f4 g6 4. Nf3 Bg7 5. Bb5 Nd4 6. Nxd4 cxd4 7. Ne2 Nf6 8.
Ng3 h5 9. Bd3 h4 10. Ne2 h3 11. g3 Qb6 12. O-O d6 13. f5 gxf5 14. exf5 Qc6 15.
Nf4 Bd7 16. Qe2 O-O-O 17. b4 e5 18. fxe6 fxe6 19. b5 Qb6 20. a4 e5 21. Ng6 e4
22. Bc4 d5 23. Bb3 Bg4 24. Qf2 Bf3 25. a5 Qxb5 26. Ba4 Qa6 27. Nxh8 Ng4 28. Qe1
d3 29. Nf7 Bd4+ 0-1

[Event "19th Hogeschool Zeeland Tournament"]
[Site "Vlissingen"]
[Date "2015.08.03"]
[Round "4"]
[Board "5"]
[White "Ten Hertog, Hugo"]
[Black "Ernst, Sipke"]
[Result "1/2-1/2"]
[WhiteElo "2383"]
[BlackElo "2544"]
[PlyCount "145"]
[EventDate "2015.08.01"]
[EventRounds "9"]
[EventCountry "NED"]

1. e4 e5 2. Nc3 Nf6 3. g3 d5 4. exd5 Nxd5 5. Bg2 Nxc3 6. bxc3 Nc6 7. Nf3 Be7 8.
O-O O-O 9. Re1 Bf6 10. Rb1 Rb8 11. d3 Bg4 12. h3 Be6 13. c4 Re8 14. Nd2 Qd7 15.
Kh2 Be7 16. Bb2 Bc5 17. Ne4 Bb4 18. Rf1 Be7 19. f4 exf4 20. gxf4 Nd4 21. Qh5 f6
22. Nc5 Bxc5 23. Qxc5 Nf5 24. Rbe1 b6 25. Qc6 Rbd8 26. Rg1 Kf7 27. Qf3 Kg8 28.
Qf2 Kh8 29. Be4 Qf7 30. Rg4 Nd6 31. Bc6 Bd7 32. Bd5 Qf8 33. Rh4 Nf5 34. Rg4 Qb4
35. c3 Qf8 36. Reg1 Be6 37. Be4 Rd7 38. c5 Nh6 39. Rh4 Bf5 40. c6 Rdd8 41. Bxf5
Nxf5 42. Rh5 g6 43. Rxg6 Qf7 44. Rxf5 hxg6 45. Rxf6 Qxf6 46. c4 Rd6 47. Bxf6+
Rxf6 48. Qd4 Ref8 49. Qe5 R8f7 50. d4 Kh7 51. Kg3 Rxc6 52. Kg4 Rcf6 53. d5 Rf5
54. Qd4 R7f6 55. h4 Kh6 56. Qe4 Kg7 57. Qe7+ Rf7 58. Qe4 Kf8 59. Qe3 R7f6 60.
Qe4 Kf7 61. Kg3 a6 62. a4 a5 63. Qe3 Kf8 64. Kg4 Kg7 65. Qe7+ Rf7 66. Qe4 Kf8
67. Kg3 R7f6 68. Kg4 c6 69. dxc6 Rc5 70. Qd4 Rcxc6 71. Qd8+ Kg7 72. Qd7+ Kh6
73. Qe8 1/2-1/2

[Event "19th Hogeschool Zeeland Tournament"]
[Site "Vlissingen"]
[Date "2015.08.03"]
[Round "4"]
[Board "13"]
[White "Yogesh, Gautam"]
[Black "Yankelevich, Lev"]
[Result "1-0"]
[WhiteElo "2207"]
[BlackElo "2420"]
[PlyCount "93"]
[EventDate "2015.08.01"]
[EventRounds "9"]
[EventCountry "NED"]

1. e4 c5 2. Nf3 d6 3. d4 cxd4 4. Nxd4 Nf6 5. Nc3 a6 6. Bc4 e6 7. Bb3 Nbd7 8.
Bg5 Nc5 9. Qe2 h6 10. Bh4 Be7 11. O-O-O Bd7 12. f4 g5 13. fxg5 hxg5 14. Bxg5
Nh5 15. Be3 Nf6 16. Bg5 Nh5 17. Be3 Qa5 18. Rhf1 Nf6 19. Bd2 Nxb3+ 20. Nxb3 Qh5
21. Qf2 b5 22. a3 a5 23. Qb6 O-O 24. Rf3 Rfb8 25. Qe3 Ng4 26. Qe2 b4 27. Rh3
Qg6 28. Rg3 e5 29. Nd5 Bh4 30. h3 bxa3 31. bxa3 a4 32. Na5 Rb5 33. Qxb5 Bxb5
34. Rxg4 Qxg4 35. hxg4 Bd8 36. Nb7 Bh4 37. Nxd6 Be2 38. Rh1 Bd8 39. Nb7 Bxg4
40. Nxd8 Rxd8 41. Nf6+ Kg7 42. Nxg4 f6 43. Rf1 Rh8 44. Bh6+ Kg6 45. Be3 Re8 46.
Rxf6+ Kh5 47. Nxe5 1-0

[Event "19th Hogeschool Zeeland Tournament"]
[Site "Vlissingen"]
[Date "2015.08.03"]
[Round "4"]
[Board "14"]
[White "Sparenberg, Erik"]
[Black "Erwich, Frank"]
[Result "0-1"]
[WhiteElo "2117"]
[BlackElo "2358"]
[PlyCount "104"]
[EventDate "2015.08.01"]
[EventRounds "9"]
[EventCountry "NED"]

1. e4 e5 2. Nf3 Nc6 3. Bb5 a6 4. Ba4 b5 5. Bb3 Na5 6. d4 exd4 7. Qxd4 Ne7 8.
O-O Bb7 9. Bg5 f6 10. Be3 Ng6 11. c4 Nxb3 12. axb3 c5 13. Qd3 b4 14. Nbd2 Be7
15. Rfe1 Qc7 16. Nf1 O-O 17. Ng3 Rfe8 18. Rad1 Bc6 19. h4 Bf8 20. h5 Ne5 21.
Nxe5 Qxe5 22. Qd2 a5 23. Bf4 Qe6 24. f3 a4 25. Ra1 axb3 26. Qd3 g6 27. hxg6
hxg6 28. Qxb3 Bd6 29. Qe3 Kg7 30. Rxa8 Rxa8 31. Bxd6 Qxd6 32. e5 fxe5 33. Qxe5+
Qxe5 34. Rxe5 Ra2 35. Re2 Ra1+ 36. Kf2 Rc1 37. b3 Rb1 38. Re3 Kf6 39. Rd3 Rb2+
40. Ne2 g5 41. g4 Kf7 42. Ke1 d5 43. cxd5 Bb5 44. Re3 Bxe2 45. Rxe2 Rxb3 46.
Re5 c4 47. Rxg5 c3 48. Kd1 Rb1+ 49. Kc2 Rb2+ 50. Kc1 b3 51. Re5 Ra2 52. Kb1 c2+
 0-1

[Event "19th Hogeschool Zeeland Tournament"]
[Site "Vlissingen"]
[Date "2015.08.03"]
[Round "4"]
[Board "15"]
[White "Lam, Daniel King-Wai"]
[Black "Kevlishvili, Robby"]
[Result "1/2-1/2"]
[WhiteElo "2098"]
[BlackElo "2357"]
[PlyCount "75"]
[EventDate "2015.08.01"]
[EventRounds "9"]
[EventCountry "NED"]

1. e4 c5 2. Nf3 d6 3. d4 cxd4 4. Nxd4 Nf6 5. Nc3 a6 6. Be3 e6 7. g4 h6 8. Bg2
Nc6 9. h3 Bd7 10. Qe2 Rc8 11. f4 b5 12. a3 Qc7 13. Nxc6 Bxc6 14. O-O-O Qb7 15.
Bd4 a5 16. Nd5 Nd7 17. Bc3 Qa7 18. Rhe1 Nc5 19. Kb1 Na4 20. Bd4 Qb7 21. b3 Nc5
22. h4 b4 23. a4 Rb8 24. Bxc5 dxc5 25. Qc4 Rd8 26. f5 e5 27. Bf3 Bd6 28. Rh1
Qc8 29. Be2 Qb7 30. g5 Bxd5 31. exd5 Kd7 32. Qe4 Kc7 33. Bb5 Kb8 34. Bc6 Qc7
35. Rdg1 h5 36. Re1 Ka7 37. Re2 Rc8 38. Ree1 1/2-1/2

[Event "19th Hogeschool Zeeland Tournament"]
[Site "Vlissingen"]
[Date "2015.08.03"]
[Round "4"]
[Board "16"]
[White "Timmermans, Mark"]
[Black "Smeets, Pierre"]
[Result "1-0"]
[WhiteElo "2352"]
[BlackElo "2082"]
[PlyCount "31"]
[EventDate "2015.08.01"]
[EventRounds "9"]
[EventCountry "NED"]

1. e4 e6 2. d4 d5 3. Nd2 Be7 4. c3 dxe4 5. Nxe4 Nf6 6. Nxf6+ Bxf6 7. Nf3 O-O 8.
Bd3 Nd7 9. h4 e5 10. Bxh7+ Kh8 11. Ng5 g6 12. Bxg6 fxg6 13. h5 Bxg5 14. hxg6+
Kg7 15. Rh7+ Kg8 16. Qb3+ 1-0

[Event "19th Hogeschool Zeeland Tournament"]
[Site "Vlissingen"]
[Date "2015.08.03"]
[Round "4"]
[Board "17"]
[White "Brink, Barry"]
[Black "Greevenbosch, Henk"]
[Result "1-0"]
[WhiteElo "2302"]
[BlackElo "1979"]
[PlyCount "69"]
[EventDate "2015.08.01"]
[EventRounds "9"]
[EventCountry "NED"]

1. d4 d5 2. c4 e6 3. Nc3 f5 4. cxd5 exd5 5. Bf4 Nf6 6. e3 c6 7. Bd3 Bd6 8. Nge2
Ne4 9. Qb3 a5 10. Rc1 Bxf4 11. Nxf4 g5 12. Nfe2 g4 13. Nf4 O-O 14. Na4 b5 15.
Nc5 a4 16. Qc2 Qa5+ 17. Ke2 Nd6 18. h3 gxh3 19. Rxh3 Rf6 20. g4 Ra7 21. g5 Rff7
22. Rch1 Ne4 23. g6 Rg7 24. gxh7+ Rxh7 25. Rxh7 Rxh7 26. Rxh7 Kxh7 27. Nxe4 b4
28. Nc5 b3 29. axb3 axb3 30. Bxf5+ Kh6 31. Qd3 Qa1 32. Bxc8 Qxb2+ 33. Kf3 Qc2
34. Qxc2 bxc2 35. Nfd3 1-0

[Event "19th Hogeschool Zeeland Tournament"]
[Site "Vlissingen"]
[Date "2015.08.03"]
[Round "4"]
[Board "18"]
[White "Krasenkova, Ilena"]
[Black "Maris, Ivo"]
[Result "0-1"]
[WhiteElo "2087"]
[BlackElo "2288"]
[PlyCount "110"]
[EventDate "2015.08.01"]
[EventRounds "9"]
[EventCountry "NED"]

1. d4 d6 2. c4 e5 3. dxe5 dxe5 4. Qxd8+ Kxd8 5. Nc3 c6 6. Bg5+ f6 7. O-O-O+ Kc7
8. Be3 Be6 9. b3 Ba3+ 10. Kb1 Na6 11. Bc1 Bxc1 12. Kxc1 Nh6 13. g3 Nc5 14. Bh3
Bf7 15. f4 exf4 16. gxf4 g5 17. fxg5 fxg5 18. b4 Ne6 19. Bxe6 Bxe6 20. Nf3 g4
21. Ne5 Rhf8 22. c5 Rad8 23. Rxd8 Kxd8 24. Kd2 Ke7 25. Ke1 Nf7 26. Nxf7 Rxf7
27. Rf1 Rxf1+ 28. Kxf1 Kf6 29. Kf2 Bf5 30. Kg3 Kg5 31. e3 h5 32. a4 h4+ 33. Kf2
Kf6 34. e4 Bg6 35. Ke3 Ke5 36. b5 h3 37. bxc6 bxc6 38. Ne2 Bxe4 39. a5 Bf3 40.
Nf4 g3 41. Kxf3 gxh2 42. Nd3+ Kd4 43. Nf2 Kxc5 44. Kg3 Kb5 45. Kxh2 Kxa5 46.
Nxh3 Kb4 47. Nf4 a5 48. Nd3+ Kc3 49. Nc5 Kc4 50. Na4 Kb4 51. Nb2 a4 52. Nd3+
Kc3 53. Nc1 Kc2 54. Na2 c5 55. Kg3 Kb2 0-1

[Event "19th Hogeschool Zeeland Tournament"]
[Site "Vlissingen"]
[Date "2015.08.03"]
[Round "4"]
[Board "19"]
[White "De Boer, Eelke"]
[Black "Warmerdam, Max"]
[Result "0-1"]
[WhiteElo "1976"]
[BlackElo "2236"]
[PlyCount "32"]
[EventDate "2015.08.01"]
[EventRounds "9"]
[EventCountry "NED"]

1. e4 c5 2. Nf3 d6 3. d4 cxd4 4. Nxd4 Nf6 5. Nc3 a6 6. Be3 e5 7. Nb3 Be7 8. h3
Be6 9. f4 Nc6 10. f5 Bxb3 11. axb3 Nb4 12. Qe2 Rc8 13. O-O-O Qa5 14. Kb1 Rxc3
15. bxc3 Qa2+ 16. Kc1 Nxe4 0-1

[Event "19th Hogeschool Zeeland Tournament"]
[Site "Vlissingen"]
[Date "2015.08.03"]
[Round "4"]
[Board "20"]
[White "Hekhuis, Jeroen"]
[Black "Prasanna, Raghuram Rao"]
[Result "0-1"]
[WhiteElo "2107"]
[BlackElo "2424"]
[PlyCount "50"]
[EventDate "2015.08.01"]
[EventRounds "9"]
[EventCountry "NED"]

1. d4 Nf6 2. g3 d5 3. Bg2 e6 4. c4 dxc4 5. Qa4+ Nbd7 6. Nf3 a6 7. Qxc4 b5 8.
Qc2 Bb7 9. Nbd2 c5 10. O-O Rc8 11. dxc5 Bxc5 12. Qd3 O-O 13. a3 e5 14. Ng5 Bxg2
15. Kxg2 Bb6 16. Nde4 h6 17. Nf3 Nxe4 18. Qxe4 Nf6 19. Qb1 e4 20. Nh4 Qd5 21.
Kg1 Ng4 22. h3 Nxf2 23. Rxf2 Qd1+ 24. Kg2 Bxf2 25. Kxf2 Rc2 0-1

[Event "19th Hogeschool Zeeland Tournament"]
[Site "Vlissingen"]
[Date "2015.08.03"]
[Round "4"]
[Board "21"]
[White "Beshukov, Sergei"]
[Black "Elgersma, Simon"]
[Result "1-0"]
[WhiteElo "2382"]
[BlackElo "2097"]
[PlyCount "81"]
[EventDate "2015.08.01"]
[EventRounds "9"]
[EventCountry "NED"]

1. Nf3 Nf6 2. g3 g6 3. b3 Bg7 4. Bb2 O-O 5. Bg2 d6 6. d4 Nbd7 7. O-O e5 8. dxe5
Ng4 9. c4 Ngxe5 10. Nc3 Rb8 11. Qd2 Nxf3+ 12. Bxf3 a6 13. Rac1 b5 14. cxb5 axb5
15. Nd5 c5 16. Bxg7 Kxg7 17. Rfd1 Ne5 18. Bg2 f6 19. Nf4 Rb6 20. Rxc5 dxc5 21.
Qxd8 Rxd8 22. Rxd8 Bf5 23. e4 Bd7 24. Nd3 Rd6 25. Nxc5 Rd1+ 26. Bf1 Nf3+ 27.
Kg2 Bh3+ 28. Kxf3 Rxf1 29. Rb8 Ra1 30. Rb7+ Kg8 31. Nd7 Kf7 32. Nb6+ Kg8 33.
Nd5 f5 34. Nf6+ Kf8 35. Nxh7+ Ke8 36. Nf6+ Kd8 37. Rxb5 fxe4+ 38. Nxe4 Rxa2 39.
Ng5 Bd7 40. Rb6 Rb2 41. Rxg6 1-0

[Event "19th Hogeschool Zeeland Tournament"]
[Site "Vlissingen"]
[Date "2015.08.03"]
[Round "4"]
[Board "22"]
[White "Kampman, Tijmen"]
[Black "Van Dooren, Dirk"]
[Result "0-1"]
[WhiteElo "2102"]
[BlackElo "2333"]
[PlyCount "66"]
[EventDate "2015.08.01"]
[EventRounds "9"]
[EventCountry "NED"]

1. c4 f5 2. g3 Nf6 3. Bg2 e6 4. Nc3 Be7 5. Nf3 O-O 6. O-O d6 7. d3 Nc6 8. a3
Qe8 9. b4 Qh5 10. b5 Nd8 11. Ne1 a6 12. a4 axb5 13. cxb5 d5 14. d4 Ne4 15. Nxe4
fxe4 16. f3 c6 17. b6 e5 18. Ba3 Bxa3 19. Rxa3 Ne6 20. Nc2 exf3 21. exf3 exd4
22. Nxd4 Qe5 23. Nxe6 Bxe6 24. Qa1 Qd6 25. Re1 d4 26. f4 Bf5 27. a5 d3 28. Ra4
Qc5+ 29. Qd4 Rxa5 30. Bf3 Rd8 31. Qxc5 Rxc5 32. Rd1 d2 33. Ra2 Bc2 0-1